000 00200 a2200097 4500
020 _a9780545558273
041 _aspa
100 _aFrancesca Allen
245 _aEasy spanish words
942 _cLibros/Book
999 _c29132
_d29130